Logo BPK

Biblioteka

Politechniki Koszalińskiej

Matematyka konkretna / (Rekord nr 43698)

Szczegóły MARC
000 -ETYKIETA REKORDU
podpole kontrolne o stałej długości 01186nam a2200337 i 4500
001 - NUMER KONTROLNY REKORDU
pole kontrolne bg
003 - IDENTYFIKATOR NUMERU KONTROLNEGO REKORDU
podpole kontrolne BPK
005 - DATA OSTATNIEJ MODYFIKACJI REKORDU
podpole kontrolne 20190725095302.0
008 - POLE O STAŁEJ DŁUGOŚCI - DANE KONTROLNE
podpole kontrolne o stałej długości 030217s2002 pl a f |001 0 pol
015 ## - NUMER BIBLIOGRAFII NARODOWEJ
Numer bibliografii narodowej PB 2003/3285
020 ## - MIĘDZYNARODOWY ZNORMALIZOWANY NUMER KSIĄŻKI - ISBN
ISBN 8301139064
040 ## - ŹRÓDŁO KATALOGOWANIA
Instytucja, która sporządziła opis WA N
Instytucja, która utworzyła rekord BPK
041 1# - KOD JĘZYKA
Kod języka tekstu pol
Kod języka oryginału eng
080 ## - UNIWERSALNA KLASYFIKACJA DZIESIĘTNA - UKD
UKD 51
080 ## - UNIWERSALNA KLASYFIKACJA DZIESIĘTNA - UKD
UKD (075.8)
100 1# - NAZWA OSOBOWA
Nazwa osobowa Graham, Ronald L.
Daty związane z nazwą (1935- ).
245 10 - TYTUŁ/ODPOWIEDZIALNOŚĆ
Tytuł Matematyka konkretna /
Pozostałe elementy strefy tytułu i oznaczenia odpowiedzialności R. L. Graham, D. E. Knuth, O. Patashnik ; z jęz. ang. przeł. P. Chrząstowski [et al.].
246 1# - WARIANT TYTUŁU
Treść wyrażenia wprowadzającego Tyt. oryg.:
Tytuł Concrete mathematics :
Ciąg dalszy tytułu a foundation for computer science,
Numeracja zeszytu 1994.
250 ## - STREFA WYDANIA
Oznaczenie wydania Wyd. 4.
260 ## - STREFA ADRESU WYDAWNICZEGO
Miejsce wydania Warszawa :
Nazwa wydawcy/dystrybutora Wydaw. Naukowe PWN,
Data publikacji, dystrybucji/powstania dokumentu 2002.
300 ## - STREFA OPISU FIZYCZNEGO
Objętość 717, [2] s. :
Inne cechy fizyczne il. ;
Rozmiary 24 cm.
504 ## - UWAGA DOTYCZĄCA BIBLIOGRAFII
Informacje o bibliografii Bibliogr. Indeks.
650 #4 - HASŁO PRZEDMIOTOWE W FORMIE NAZWY OGÓLNEJ LUB JEDNOSTKOWEJ
Nazwa ogólna lub geograficzna Matematyka
Określnik ogólny szkoły wyższe.
655 #4 - TERMIN INDEKSOWY - OKREŚLENIE RODZAJU/FORMY DOKUMENTU
Określenie rodzaju/formy dokumentu Podręczniki akademickie
700 1# - HASŁO DODATKOWE - NAZWA OSOBOWA
Nazwa osobowa Knuth, Donald Ervin
Daty związane z nazwą (1938- ).
700 1# - HASŁO DODATKOWE - NAZWA OSOBOWA
Nazwa osobowa Patashnik, Oren.
700 1# - HASŁO DODATKOWE - NAZWA OSOBOWA
Nazwa osobowa Chrząstowski, Piotr.
Określenie związku między hasłem a opisywanym materiałem Tł.
710 2# - HASŁO DODATKOWE - NAZWA CIAŁA ZBIOROWEGO
Nazwa ciała zbiorowego lub jednostki geograficznej Wydawnictwo Naukowe PWN
Kod określenia powiązania pbl.
856 41 - LOKALIZACJA I DOSTĘP DO ELEKTRONICZNYCH DOKUMENTÓW ZDALNYCH
Link (URL) http://koha.tu.koszalin.pl/cgi-bin/koha/opac-detail.pl?biblionumber=43698
Tekst linku Katalog online BPK
942 ## - DODATKOWE ELEMENTY (KOHA)
Schemat klasyfikacji Uniwersalna Klasyfikacja Dziesiętna
Typ dokumentu Książka
Egzemplarze
Wycofany Status egzemplarza Uszkodzony Dostępność Lokalizacja stała Lokalizacja bieżąca Miejsce przechowywania Sygnatura Kod kreskowy Typ dokumentu
      Dostępny Biblioteka Politechniki Koszalińskiej Biblioteka Politechniki Koszalińskiej Wypożyczalnia BG 69845 02159744 Książka
      Dostępny Biblioteka Politechniki Koszalińskiej Biblioteka Politechniki Koszalińskiej Wypożyczalnia BG 69846 02159737 Książka
© 2023 Biblioteka Politechniki Koszalińskiej :: KOHA